World regional geography / (Record no. 7919)
[ view plain ]
| 000 -LEADER | |
|---|---|
| fixed length control field | 00527cam a2200205ua 4500 |
| 041 ## - LANGUAGE CODE | |
| Language code of text/sound track or separate title | eng |
| 082 ## - DEWEY DECIMAL CLASSIFICATION NUMBER | |
| Classification number | 910 |
| Item number | HEI/WO |
| 100 ## - MAIN ENTRY--AUTHOR NAME | |
| Personal name | Heintzelman, Oliver H . |
| 245 ## - TITLE STATEMENT | |
| Title | World regional geography / |
| 250 ## - EDITION STATEMENT | |
| Edition statement | 2 / |
| 260 ## - PUBLICATION, DISTRIBUTION, ETC. (IMPRINT) | |
| Place of publication | New Delhi : |
| Name of publisher | Prentice Hall of India Pvt Ltd. , |
| Year of publication | 1965. |
| 300 ## - PHYSICAL DESCRIPTION | |
| Number of Pages | 391 ; . |
| 500 ## - GENERAL NOTE | |
| General note | **Reference |
| 700 1# - ADDED ENTRY--PERSONAL NAME | |
| Personal name | Highsmith, Richard . |
| 942 ## - ADDED ENTRY ELEMENTS (KOHA) | |
| Koha item type | Books |
| Withdrawn status | Lost status | Damaged status | Home library | Current library | Date acquired | Full call number | Accession Number | Koha item type |
|---|---|---|---|---|---|---|---|---|
| Withdrawn | KAUAET | Malayalam University | 07/04/2012 | 910 | 10783 | Reference |
